| 000 | 01611cam a2200445Ii 4500 | ||
|---|---|---|---|
| 001 | ocn849719510 | ||
| 003 | OCoLC | ||
| 005 | 20200320192304.0 | ||
| 008 | 130620s2014 nyuac 001 0 eng d | ||
| 020 | _a0545629187 (paperback) | ||
| 020 | _a9780545629188 (paperback) | ||
| 020 | _a9781480638228 (paw prints) | ||
| 020 | _a1480638226 (paw prints) | ||
| 029 | 1 |
_aAU@ _b000052584075 |
|
| 035 | _a(OCoLC)849719510 | ||
| 040 |
_aYDXCP _cYDXCP _dBTCTA _dBDX _dNYP _dOI6 _dWACOL |
||
| 049 | _aWACL | ||
| 092 |
_a92 _bDis |
||
| 100 | 1 |
_aNorwich, Grace, _eauthor. _95885703 |
|
| 245 | 1 | 0 |
_aI am Walt Disney / _cby Grace Norwich ; illustrated by Phil Parks. |
| 246 | 3 | _aWalt Disney | |
| 264 | 1 |
_aNew York : _bScholastic Inc., _c[2014] |
|
| 300 |
_a127 pages : _billustrations , portraits ; _c20 cm |
||
| 336 | _atext | ||
| 337 | _aunmediated | ||
| 338 | _avolume | ||
| 504 | _aIncludes bibliographical references and index. | ||
| 521 |
_ajunior nonfiction _bpenworthy |
||
| 600 | 1 | 0 |
_aDisney, Walt, _d1901-1966. _95966 |
| 650 | 0 |
_aMotion picture producers and directors _zUnited States _vBiography. _95728857 |
|
| 650 | 0 |
_aAnimators _zUnited States _vBiography. _95888044 |
|
| 700 | 1 |
_aParks, Phil, _eillustrator. _929448 |
|
| 938 |
_aYBP Library Services _bYANK _n10796423 |
||
| 938 |
_aBaker and Taylor _bBTCP _nBK0013470959 |
||
| 938 |
_aBrodart _bBROD _n105617210 |
||
| 942 |
_cBOOK _027 |
||
| 948 |
_a04/16/2014 _zSirsi |
||
| 994 |
_a02 _bWACOL |
||
| 996 |
_a108743 _b34301001180266 _cJNF _dbk _ewcl _fo _g27 _h16.96 _lpenworthy _m92 Dis _p04/29/2014 _q02/24/2020 _r03/02/2020 |
||
| 999 |
_c283501 _d283501 |
||